000 01629ctm a2200289 i 4500
003 SA-RiAUC
005 20251216131133.0
008 251202s1986 su f m 00000cara c
040 _aSA-RiAUC
_bara
_cSA-RiAUC
_erda
082 0 4 _a234.65
090 _a234.65
_bح م د
100 1 _aحمد الخطابي، حمد بن محمد بن إبراهيم،
_d319-388 هجري
_eمؤلف.
245 1 0 _aأعلام الحديث في شرح صحيح البخاري /
_cلأبي سليمان حمد بن محمد الخطابي ؛ تحقيق ودراسة محمد بن سعد بن عبد الرحمن آل سعود ؛ إشراف أحمد محمد نور سيف.
264 0 _c1986
300 _a3 مجلد ؛
_c30 سم
336 _aنص
_btxt
_2rdacontent
_3أطروحة
337 _aبدون وسيط
_bn
_2rdamedia
338 _aمجلد
_bnc
_2rdacarrier
500 _aإشراف : أحمد محمد نور سيف.
502 _aأطروحة (دكتوراه)-جامعة أم القرى، كلية الشريعة والدراسات الإسلامية، 1406 هجري.
600 1 7 _aالبخاري، محمد بن إسماعيل بن إبراهيم،
_d194-256 هجري
_2aucnm
700 1 2 _aالبخاري، محمد بن إسماعيل بن إبراهيم،
_d194-256 هجري.
_tالجامع الصحيح المسند المختصر من حديث رسول الله صلى الله عليه وسلم وسننه وأيامه
700 1 _aآل سعود، محمد بن سعد بن عبد الرحمن
_eمحقق.
740 0 2 _aصحيح البخاري.
942 _2ddc
_cBOOK
_n0
949 _aSA-JeALM
_d251202
_umohamedma123
_n1
999 _c13553
_d13553